Basics of the new calligraphy : featuring 26 new alphabets
| Main Author: | |
|---|---|
| Format: | Book |
| Published: |
New York :
Prentice Hall Press ,
1987
|
| Subjects: |
MARC
| LEADER | 00000cam a2200000 7i4500 | ||
|---|---|---|---|
| 001 | 0000009606 | ||
| 002 | 000010468 | ||
| 005 | 20000330.0 | ||
| 020 | |a 0130658065 | ||
| 090 | 0 | 0 | |a 745.61 |b SHE |
| 100 | 1 | |a Shepherd |c Margaret | |
| 245 | 1 | 0 | |a Basics of the new calligraphy : |b featuring 26 new alphabets |c Margaret Shepherd |
| 260 | |a New York : |b Prentice Hall Press , |c 1987 | ||
| 300 | |a 123 p. : |b ill. ; |c 28cm. | ||
| 650 | 0 | 0 | |a Calligraphy |
| 999 | |a 018158 |b BUKU |c PINJAMAN |e PERPUSTAKAAN KOMUNITI PETALING JAYA | ||